000 00496nam a2200181Ia 4500
008 230524s9999 xx 000 0 und d
020 _a9788126549269
082 _bMAR
100 _aGerard Maral
_942728
245 0 _a"Satellite Communication Systems : Systems, Techniques and Technology"
250 _a1
260 _aNew Delhi
_bWiley India
_c2014
300 _a"XIV,697p;"
500 _aQuantity Number: 1
650 _aElectronics
700 _a Michel Bousquet
_942729
942 _cBK
999 _c57712
_d57712